[Event "Sharjah op rapid"]
[Site "Sharjah"]
[Date "2014.07.07"]
[Round "5"]
[White "Abdulla, Al Tahir"]
[Black "Elgabry, Mohsen"]
[Result "0-1"]
[WhiteElo "1960"]
[BlackElo "2354"]
[PlyCount "57"]
[EventDate "2014.07.05"]
[EventType "swiss (rapid)"]
[EventRounds "9"]
[EventCountry "UAE"]
[SourceTitle "CBM 161 Extra"]
[Source "ChessBase"]
[SourceDate "2014.08.29"]
[SourceVersion "1"]
[SourceVersionDate "2014.08.29"]
[SourceQuality "1"]

1. d4 Nf6 2. Nf3 b6 3. g3 Bb7 4. Bg2 e6 5. 0-0 d5 6. b3 Bd6 7. Bb2 0-0 8. c4 Nbd7 9. Ne5 Ne4 10. Nxd7 Qxd7 11. cxd5 exd5 12. Nc3 f5 13. Nxe4 dxe4 14. Qc1 Bd5 15. Ba3 f4 16. Bxd6 Qxd6 17. gxf4 Rxf4 18. Qe3 Raf8 19. f3 Rh4 20. h3 exf3 21. exf3 c6 22. Qg5 Rxd4 23. Rae1 h6 24. Qe3 Rdf4 25. Qe7 Qg6 26. Re3 R4f7 27. Qe5 Bxf3 28. Rf2 Bd5 29. Rxf7 0-1

[Event "Asia Cities-ch 18th"]
[Site "Tagaytay City"]
[Date "2013.10.21"]
[Round "2.4"]
[White "Laylo, Darwin"]
[Black "Abdulla, Al Tahir"]
[Result "1-0"]
[WhiteElo "2497"]
[BlackElo "1967"]
[PlyCount "45"]
[EventDate "2013.10.20"]
[EventType "team-swiss"]
[EventRounds "9"]
[EventCountry "PHI"]
[SourceTitle "EXT 2014"]
[Source "ChessBase"]
[SourceDate "2013.11.20"]
[SourceVersion "1"]
[SourceVersionDate "2013.11.20"]
[SourceQuality "1"]
[WhiteTeam "Tagaytay"]
[BlackTeam "Sharjah"]
[WhiteTeamCountry "PHI"]
[BlackTeamCountry "UAE"]

1. d4 d5 2. Nf3 Nf6 3. c4 c6 4. e3 Bf5 5. Nc3 e6 6. Nh4 Be4 7. f3 Bg6 8. Qb3 Qb6 9. Nxg6 hxg6 10. Bd2 Nbd7 11. 0-0-0 Be7 12. Kb1 a6 13. Qc2 0-0 14. g4 dxc4 15. Bxc4 c5 16. g5 Nh7 17. d5 Ne5 18. Be2 exd5 19. Nxd5 Qe6 20. Nc7 Qc6 21. Nxa8 Rxa8 22. f4 Nd7 23. h4 1-0